000 01039nam a22002897a 4500
003 CHAP
005 20220329143820.0
008 110928s1979 it r 00010 spa d
010 _a102254
011 _a103226
035 _a113915
040 _cCHAP
082 0 4 _a333.063
_bR61
100 0 0 _aRodríguez Adame, Julián.
_998266
245 1 0 _aNotas y reflexiones de la conferencia mundial sobre la reforma agraria y desarrollo rural celebrada en Roma durante los días 10 al 20 de julio 1979
_c/por Julian Rodríguez Adame
260 _a[Roma] :
_bBanco Interamericano de Desarrollo,
_c1979
300 _a[70] p.
590 _aBATCH-UPD
_b10
_c20130110
_lUCH01
_h0958
590 _aBATCH-UPD
_b10
_c20130410
_lUCH01
_h0610
590 _aBATCH-UPD
_b10
_c20130914
_lUCH01
_h1157
590 _aCONVERSION
_b10
_c20130109
_lUCH01
_h1356
650 1 4 _aDesarrollo rural.
_932067
650 1 4 _aReforma agraria.
_995517
901 _aBK
942 _cLIBRO
949 _a333.063 R61
_bBC
_cLIBRO
_d33724002306504
_eLIBRO
_gDonaciØn
_h115905
_i113915
_sb
999 _c102254
_d102254